<?xml version="1.0" encoding="UTF-8"?>
<record
    xmlns:xsi="http://www.w3.org/2001/XMLSchema-instance"
    xsi:schemaLocation="http://www.loc.gov/MARC21/slim http://www.loc.gov/standards/marcxml/schema/MARC21slim.xsd"
    xmlns="http://www.loc.gov/MARC21/slim">

  <leader>00507nam a22001457a 4500</leader>
  <controlfield tag="008">230328b        |||||||| |||| 00| 0 eng d</controlfield>
  <datafield tag="040" ind1=" " ind2=" ">
    <subfield code="a">National Science Library</subfield>
    <subfield code="c">National Science Library</subfield>
  </datafield>
  <datafield tag="080" ind1=" " ind2=" ">
    <subfield code="a">I 676.16+677.46(082.2)</subfield>
    <subfield code="b">K0</subfield>
  </datafield>
  <datafield tag="245" ind1=" " ind2=" ">
    <subfield code="a">Cellulose research: </subfield>
    <subfield code="b">Symposium II-1958</subfield>
    <subfield code="c">Council of scientific &amp; Industrial Research</subfield>
  </datafield>
  <datafield tag="260" ind1=" " ind2=" ">
    <subfield code="a">New Delhi: </subfield>
    <subfield code="b">Council of scientific &amp; Industrial Research, </subfield>
    <subfield code="c">1960</subfield>
  </datafield>
  <datafield tag="300" ind1=" " ind2=" ">
    <subfield code="a">xii, 156p.</subfield>
  </datafield>
  <datafield tag="650" ind1=" " ind2=" ">
    <subfield code="a">Industries</subfield>
  </datafield>
  <datafield tag="653" ind1=" " ind2=" ">
    <subfield code="a">Anatomical </subfield>
  </datafield>
  <datafield tag="942" ind1=" " ind2=" ">
    <subfield code="2">udc</subfield>
    <subfield code="c">REF</subfield>
  </datafield>
  <datafield tag="999" ind1=" " ind2=" ">
    <subfield code="c">15801</subfield>
    <subfield code="d">15801</subfield>
  </datafield>
  <datafield tag="952" ind1=" " ind2=" ">
    <subfield code="0">0</subfield>
    <subfield code="1">0</subfield>
    <subfield code="2">udc</subfield>
    <subfield code="4">0</subfield>
    <subfield code="6">I_67616677460822_K0</subfield>
    <subfield code="7">0</subfield>
    <subfield code="9">23414</subfield>
    <subfield code="a">NSL</subfield>
    <subfield code="b">NSL</subfield>
    <subfield code="c">GF/RK-23/C-3/R-4</subfield>
    <subfield code="d">1964-10-21</subfield>
    <subfield code="l">0</subfield>
    <subfield code="o">I 676.16+677.46(082.2) K0</subfield>
    <subfield code="p">10203</subfield>
    <subfield code="r">2023-03-28 00:00:00</subfield>
    <subfield code="w">1964-10-21</subfield>
    <subfield code="y">REF</subfield>
  </datafield>
  <datafield tag="952" ind1=" " ind2=" ">
    <subfield code="0">0</subfield>
    <subfield code="1">0</subfield>
    <subfield code="2">udc</subfield>
    <subfield code="4">0</subfield>
    <subfield code="6">I_67616677460822_K01</subfield>
    <subfield code="7">0</subfield>
    <subfield code="8">REF</subfield>
    <subfield code="9">23418</subfield>
    <subfield code="a">NSL</subfield>
    <subfield code="b">NSL</subfield>
    <subfield code="c">GF/RK-23/C-3/R-4</subfield>
    <subfield code="d">1975-12-16</subfield>
    <subfield code="l">0</subfield>
    <subfield code="o">I 676.16+677.46(082.2) K0.1</subfield>
    <subfield code="p">65621</subfield>
    <subfield code="r">2023-03-28 00:00:00</subfield>
    <subfield code="w">1975-12-16</subfield>
    <subfield code="y">REF</subfield>
  </datafield>
</record>
